000 00292nam a22001097a 4500
082 _a668.4
_bMIL
_cL-31, P-68
245 _aPlastics Microstructure Properties and Applications
300 _a300P.:
_bill.;
526 _a0
_b0
_c0
_d668_400000000000000_MIL
650 _aMCE
_9379
942 _2ddc
_cBK
999 _c548553
_d548553